|
|
|
|
| LEADER |
00000nam2a2200000 4500 |
| 001 |
107591 |
| 005 |
20231101214736.0 |
| 035 |
|
|
|a (RuTPU)RU\TPU\book\116152
|
| 090 |
|
|
|a 107591
|
| 100 |
|
|
|a 20061226d1971 km y0rusy50 ca
|
| 101 |
1 |
|
|a rus
|c eng
|
| 102 |
|
|
|a RU
|
| 200 |
0 |
|
|a Т. 1
|
| 210 |
|
|
|d 1971
|
| 215 |
|
|
|a 428 с.
|c ил.
|
| 320 |
|
|
|a Библиография в конце глав.
|
| 461 |
|
1 |
|0 (RuTPU)RU\TPU\book\134257
|t Плутоний
|o справочник
|f под ред. О. Вика
|v Т. 1
|d 1971-1973
|
| 606 |
1 |
|
|a Плутоний
|x Химия
|2 stltpush
|3 (RuTPU)RU\TPU\subj\75285
|9 87131
|
| 610 |
1 |
|
|a справочники
|
| 610 |
1 |
|
|a химическая технология
|
| 675 |
|
|
|a 546.798.22(035)
|v 3
|
| 801 |
|
1 |
|a RU
|b 63413507
|c 20061226
|g PSBO
|
| 801 |
|
2 |
|a RU
|b 63413507
|c 20160330
|g PSBO
|
| 900 |
|
|
|a Химия и технология ядерного горючего
|
| 942 |
|
|
|c BK
|